Des traités de 1815 et d'un noveau droit européen / (Record no. 158600)

MARC details
000 -LEADER
campo de control de longitud fija 00759nam a22001935i 4500
001 - NÚMERO DE CONTROL
campo de control 158600
003 - IDENTIFICADOR DE NÚMERO DE CONTROL
campo de control ES-MaACL
005 - FECHA Y HORA DE LA ÚLTIMA TRANSACCIÓN
campo de control 20230906211231.0
008 - DATOS DE LONGITUD FIJA--INFORMACIÓN GENERAL
campo de control de longitud fija 991115s1862 fr |||| | fre d
040 ## - FUENTE DE CATALOGACIÓN
Centro catalogador/agencia de origen M-RAJU
Lengua de catalogación spa
Centro/agencia transcriptor M-RAJU
Centro/agencia modificador CCPB | B
100 1# - ENTRADA PRINCIPAL--NOMBRE DE PERSONA
Nombre de persona Mamiani, Terenzio.
9 (RLIN) 129405
245 10 - MENCIÓN DEL TÍTULO
Título Des traités de 1815 et d'un noveau droit européen /
Mención de responsabilidad, etc. par Terenzio Mamiani ; traduit sur la quatrième édition italianne par Léonce Lehmann.
260 ## - PUBLICACIÓN, DISTRIBUCIÓN, ETC.
Lugar de publicación, distribución, etc. Paris :
Nombre del editor, distribuidor, etc. E. Dentu,
Fecha de publicación, distribución, etc. 1862.
300 ## - DESCRIPCIÓN FÍSICA
Extensión 357 p. ;
Dimensiones 19 cm.
700 1# - ENTRADA AGREGADA--NOMBRE PERSONAL
Nombre de persona Lehmann, Leonce.
9 (RLIN) 128857
852 ## - LOCALIZACIÓN
Ubicación ES-MaACL
Número de control de estantería D-425
Nota libre -- Enc. hol.
Encuadernación -- Edic.: El imp. es: Imprimerie de L. Tinterlin et c\pe\s -- La pag. es: XI, 357 p.
852 ## - LOCALIZACIÓN
Ubicación ES-MaACL
Número de control de estantería D-1845
Nota libre -- Enc. hol.
Holdings
Estatus retirado Estado de pérdida Estado de daño No para préstamo Colección Biblioteca de origen Biblioteca actual Ubicación en estantería Fecha de adquisición Fuente de adquisición Total de préstamos Signatura topográfica completa Código de barras Visto por última vez Precio de reemplazo Tipo de ítem Koha
        Libros del s. XIX Biblioteca del Ateneo de Madrid Biblioteca del Ateneo de Madrid Sala Valle Inclán 17/01/2008     D-425 901166005 23/02/2023 23/02/2023 Libro impreso antiguo
        Libros del s. XIX Biblioteca del Ateneo de Madrid Biblioteca del Ateneo de Madrid Sala Valle Inclán 17/01/2008     D-1845 901166006 23/02/2023 23/02/2023 Libro impreso antiguo